000 00496nam a2200205Ia 4500
005 20240823030128.0
008 240823s9999||||xx |||||||||||||| ||und||
020 _a978-81-265-1779-4
041 _aENGLISH
082 _A621.1513 Q0
100 _a"Lambe,William T"
245 0 _aSoil Mechanics SI Version
250 _aIst
260 _c2010
_bWiley Easter
500 _aTRANSFERED
650 _aSoil Mechanics
_bCivil
700 _a" Whitman,Robert.V"
942 _cBK
999 _c187960
_d187960